Complete the Billy Joel song - Statistics

General Stats
  • This quiz has been taken 123 times
  • The average score is 21 of 30
Answer Stats
Beginning Ending % Correct
We Didn't Start the Fire
100%
Uptown Girl
100%
Piano Man
100%
New York State of Mind
96%
It's Still Rock and Roll to Me
95%
Only the Good Die Young
95%
52nd Street
91%
Movin' Out
90%
The Longest Time
88%
Scenes from an Italian Restaurant
84%
You May Be Right
81%
The Great Wall of China
77%
The Ballad of Billy the Kid
76%
The River of Dreams
75%
Big Shot
74%
And So It Goes
71%
Captain Jack
71%
Don't Ask Me Why
69%
She's Got a Way
68%
The Downeaster Alexa
62%
A Matter of Trust
56%
Say Goodbye to Hollywood
55%
Goodnight Saigon
53%
I Go to Extremes
46%
All for Leyna
42%
Sometimes a Fantasy
34%
Root Beer Rag
33%
All About Soul
27%
C'Etait Toi
26%
Los Angelenos
20%
No matching quizzes found
Score Distribution
Percent of People with Each Score
Percentile by Number Answered
Your Score History
You have not taken this quiz